000 00334nam a22001337a 4500
005 20250718132011.0
008 250718b |||||||| |||| 00| 0 eng d
050 _aBS2675
_b.3 WES
100 _aWESTWOOD TOM
245 _a1ST CORINTHIANS
260 _aCALIFONIA
_bBIBLE TREASURY HOUR, INC.
_c1972
300 _a303p
942 _2lcc
_cBK
_n0
999 _c7051
_d7051